Past tenses 2 - Statistics

General Stats
  • This quiz has been taken 29 times
  • The average score is 13 of 15
Answer Stats
Present tense Past tense % Correct
Bite Bit
100%
Arise Arose
96%
Awake Awoke
96%
Bear Bore
96%
Dive Dove
96%
Outdo Outdid
96%
Redo Redid
96%
Rise Rose
96%
Bill Billed
92%
Lie Lay
92%
Undo Undid
92%
Befall Befell
88%
Forsake Forsook
75%
Beget Begat
50%
Slay Slew
38%
No matching quizzes found
Score Distribution
Percent of People with Each Score
Percentile by Number Answered
Your Score History
You have not taken this quiz